[Event "ROM-ch U10 Girls"]
[Site "Calimanesti"]
[Date "2013.04.06"]
[Round "7"]
[White "Istrate, Camelia Elena"]
[Black "Stana, Bianca Elena"]
[Result "1-0"]
[WhiteElo "1008"]
[BlackElo "1001"]
[PlyCount "37"]
[EventDate "2013.04.02"]
[EventType "swiss"]
[EventRounds "9"]
[EventCountry "ROU"]
[SourceTitle "CBM 153 Extra"]
[Source "ChessBase"]
[SourceDate "2013.04.22"]
[SourceVersion "1"]
[SourceVersionDate "2013.04.22"]
[SourceQuality "1"]

1. e4 e5 2. Nc3 Nc6 3. Bc4 Nf6 4. Nf3 Nxe4 5. d3 Nxc3 6. bxc3 d5 7. Bb5 Bd7 8. Bxc6 Bxc6 9. Nxe5 Qf6 10. Qe2 0-0-0 11. Bd2 Re8 12. d4 Bd6 13. 0-0 Kb8 14. Nxc6+ bxc6 15. Rfb1+ Ka8 16. Qa6 Bxh2+ 17. Kxh2 Qh4+ 18. Kg1 Re6 19. Qb7# 1-0

[Event "ROM-ch U10 Girls"]
[Site "Calimanesti"]
[Date "2013.04.05"]
[Round "5"]
[White "Istrate, Camelia Elena"]
[Black "Cristescu, Andreea Ioana"]
[Result "1/2-1/2"]
[WhiteElo "1008"]
[BlackElo "1001"]
[PlyCount "94"]
[EventDate "2013.04.02"]
[EventType "swiss"]
[EventRounds "9"]
[EventCountry "ROU"]
[SourceTitle "CBM 153 Extra"]
[Source "ChessBase"]
[SourceDate "2013.04.22"]
[SourceVersion "1"]
[SourceVersionDate "2013.04.22"]
[SourceQuality "1"]

1. e4 c5 2. Nf3 Nc6 3. Nc3 d6 4. Bc4 g6 5. d3 Bg7 6. Nd5 Be6 7. Bg5 Nf6 8. Bxf6 Bxf6 9. Rb1 Bxd5 10. Bxd5 0-0 11. Qd2 e6 12. Bb3 Nd4 13. Qe3 b5 14. c4 a6 15. a4 b4 16. Qh6 Nxf3+ 17. gxf3 e5 18. Rg1 Bg7 19. Qh3 Qf6 20. Rg4 h6 21. Qg2 Rfe8 22. h4 h5 23. Rg5 Kf8 24. Qh3 Qe6 25. Qh2 Bh6 26. Rg2 Qf6 27. Qh3 Bf4 28. Bd1 Qe6 29. Qh1 Red8 30. Bb3 Rac8 31. Qg1 Ke7 32. Qh1 Rg8 33. Rg1 Rg7 34. Rd1 Rd8 35. Qg2 Rdg8 36. Ke2 Qf6 37. Qh3 Bh6 38. Qh1 g5 39. Qh3 Rg6 40. a5 Qh8 41. Qh1 R8g7 42. f4 exf4 43. e5 Kd7 44. Qb7+ Ke6 45. Qd5+ Kd7 46. Qb7+ Ke6 47. Qd5+ Kd7 1/2-1/2